000 00483nam a2200193Ia 4500
005 20140507094816.0
008 140130s9999 xx 000 0 und d
020 _a0516248189
050 _aPZ 8.3
_b.V7123An 2004
100 _aVantrease, Norma
245 _cNorma Vantrease
_aAnts in my pants /
260 _bScholastic,
_c2004.
_aNew York :
300 _a31 p. :
_bcol. ill. ;
_c18 cm.
440 _v1
521 _aG1
526 _c150
942 _cBK
_2lcc
999 _c39869
_d39869